Solutions manual for exploring chemical analysis (Record no. 76651)
[ view plain ]
| 000 -LEADER | |
|---|---|
| fixed length control field | 01315nam a2200229 a 4500 |
| 008 - FIXED-LENGTH DATA ELEMENTS--GENERAL INFORMATION | |
| fixed length control field | 120416s2005 ||||||||||||||||| || u |
| 020 ## - INTERNATIONAL STANDARD BOOK NUMBER | |
| International Standard Book Number | 0716711702 |
| 050 ## - LIBRARY OF CONGRESS CALL NUMBER | |
| Classification number | QD 75.2 Har |
| 100 ## - MAIN ENTRY--PERSONAL NAME | |
| Personal name | Harris, Daniel C |
| 245 10 - TITLE STATEMENT | |
| Title | Solutions manual for exploring chemical analysis |
| 250 ## - EDITION STATEMENT | |
| Edition statement | 3rd ed. |
| 260 ## - PUBLICATION, DISTRIBUTION, ETC. | |
| Place of publication, distribution, etc. | New York |
| Name of publisher, distributor, etc. | W.H. Freeman |
| Date of publication, distribution, etc. | 2005 |
| 300 ## - PHYSICAL DESCRIPTION | |
| Extent | 205p. : ill. |
| 350 ## - | |
| -- | 0.00 |
| 650 #0 - SUBJECT ADDED ENTRY--TOPICAL TERM | |
| Topical term or geographic name entry element | CHEMISTRY--HANDBOOKS, MANUALS, ETC |
| 650 #0 - SUBJECT ADDED ENTRY--TOPICAL TERM | |
| Topical term or geographic name entry element | ANALYTICAL CHEMISTRY |
| 995 ## - | |
| -- | ANNEX COLLECTION (Main Library) |
| -- | 0.00 |
| -- | 736963 |
| -- | CBU-MAIN LIBRARY (Kitwe) |
| -- | 4 |
| -- | 15.00 |
| -- | QD 75.2 Har |
| -- | 4 |
| -- | AVAILABLE |
| -- | 40624 |
| -- | Annex Low-Usage Collection |
| 995 ## - | |
| -- | ANNEX COLLECTION (Main Library) |
| -- | 0.00 |
| -- | 736964 |
| -- | CBU-MAIN LIBRARY (Kitwe) |
| -- | 1 |
| -- | 15.00 |
| -- | QD 75.2 Har |
| -- | 1 |
| -- | AVAILABLE |
| -- | Aug 14, 2006 |
| -- | 40620 |
| -- | Annex Low-Usage Collection |
| 995 ## - | |
| -- | ANNEX COLLECTION (Main Library) |
| -- | 0.00 |
| -- | 736962 |
| -- | CBU-MAIN LIBRARY (Kitwe) |
| -- | 2 |
| -- | 15.00 |
| -- | QD 75.2 Har |
| -- | 2 |
| -- | AVAILABLE |
| -- | Aug 14, 2006 |
| -- | 40621 |
| -- | Annex Low-Usage Collection |
| 995 ## - | |
| -- | ANNEX COLLECTION (Main Library) |
| -- | 0.00 |
| -- | 736960 |
| -- | CBU-MAIN LIBRARY (Kitwe) |
| -- | 3 |
| -- | 15.00 |
| -- | QD 75.2 Har |
| -- | 3 |
| -- | AVAILABLE |
| -- | Apr 19, 2007 |
| -- | 40619 |
| -- | Annex Low-Usage Collection |
| 995 ## - | |
| -- | ANNEX COLLECTION (Main Library) |
| -- | 0.00 |
| -- | 736961 |
| -- | CBU-MAIN LIBRARY (Kitwe) |
| -- | 5 |
| -- | 15.00 |
| -- | QD 75.2 Har |
| -- | 5 |
| -- | AVAILABLE |
| -- | 40622 |
| -- | Annex Low-Usage Collection |
| 999 ## - | |
| -- | 76651 |
| -- | 76651 |
| Withdrawn status | Lost status | Source of classification or shelving scheme | Damaged status | Not for loan | Permanent Location | Current Location | Date acquired | Full call number | Barcode | Date last seen | Copy number | Price effective from | Koha item type | Shelving location | Total Checkouts |
|---|---|---|---|---|---|---|---|---|---|---|---|---|---|---|---|
| Withdrawn | CBU-MAIN LIBRARY, KITWE. | CBU-MAIN LIBRARY, KITWE. | 04/25/2023 | QD 75.2 Har | 40624 | 04/25/2023 | 1 | 04/25/2023 | MONOGRAPH | ||||||
| Withdrawn | CBU-MAIN LIBRARY, KITWE. | CBU-MAIN LIBRARY, KITWE. | 04/25/2023 | QD 75.2 Har | 40620 | 04/25/2023 | 2 | 04/25/2023 | MONOGRAPH | ||||||
| Withdrawn | CBU-MAIN LIBRARY, KITWE. | CBU-MAIN LIBRARY, KITWE. | 04/25/2023 | QD 75.2 Har | 40621 | 04/25/2023 | 3 | 04/25/2023 | MONOGRAPH | ||||||
| CBU-MAIN LIBRARY, KITWE. | CBU-MAIN LIBRARY, KITWE. | 04/25/2023 | QD 75.2 Har | 40619 | 04/25/2023 | 4 | 04/25/2023 | MONOGRAPH | |||||||
| CBU-MAIN LIBRARY, KITWE. | CBU-MAIN LIBRARY, KITWE. | 04/25/2023 | QD 75.2 Har | 40622 | 04/25/2023 | 5 | 04/25/2023 | MONOGRAPH |